| 000 | 00673nam a22002297a 4500 | ||
|---|---|---|---|
| 001 | 000047864 | ||
| 003 | DO-SdBNP | ||
| 005 | 20240307073943.0 | ||
| 007 | ta | ||
| 008 | 181001s2018 dr 000 0 spa d | ||
| 020 | _a9789945472950 | ||
| 040 |
_aDO-SdBNP _bspa _cBNPHU |
||
| 082 |
_a378.7293 _bI597m |
||
| 110 | 2 |
_aInstituto Tecnológico de Santo Domingo _978911 |
|
| 245 | 1 | 0 | _aMemoria institucional 2018 /. |
| 260 |
_aSanto Domingo : _bINTEC, _c2018. |
||
| 300 |
_a60 p. : _bil, gráf., retrs. ; _c32 cm. |
||
| 590 | _aInventariado, 2022 / DG | ||
| 610 | 1 | 4 |
_aINSTITUTO TECNÓLOGICO DE SANTO DOMINGO _vMEMORIAS E INFORMES _975423 |
| 910 | _aDG | ||
| 942 |
_2ddc _cLBS1 |
||
| 999 |
_c51327 _d51327 |
||